Experiencia psicosocial en Bahía Pavones de Golfito /

Durante más de cuatro años las Escuela de Psicología, el Instituto de Investigaciones Psicológicas de la Universidad de Costa Rica, participó en un proceso de acompañamiento al asentamiento campesino Víctor Hugo Vargas, de Pavones de Golfito Durante el proceso se han generado una serie de reflexione...

Deskribapen osoa

Gorde:
Xehetasun bibliografikoak
Egile nagusia: Cordero Cordero, Teresita (Autora)
Formatua: Liburua
Hizkuntza:Spanish
Gaiak:
Etiketak: Etiketa erantsi
Etiketarik gabe, Izan zaitez lehena erregistro honi etiketa jartzen!

MARC

LEADER 00000nam a22000007a 4500
003 cru IIS
005 20220627121011.0
007 ta
008 220627b |||||||| |||| 00| 0 spa d
040 |c cru IIS 
100 1 |9 4852  |a Cordero Cordero, Teresita   |e Autora 
245 1 |a Experiencia psicosocial en Bahía Pavones de Golfito /  |c Teresita Cordero Cordero 
300 |a 53 páginas 
500 |a Colección Centroamérica 
520 |a Durante más de cuatro años las Escuela de Psicología, el Instituto de Investigaciones Psicológicas de la Universidad de Costa Rica, participó en un proceso de acompañamiento al asentamiento campesino Víctor Hugo Vargas, de Pavones de Golfito Durante el proceso se han generado una serie de reflexiones alrededor de dicha participación que ha sido muy enriquecedora Se presenta una versión de la forma en que se hizo el acercamiento y se contextualiza la experiencia en segundo momento se desarrolla el eje de identidad y memoria histórica que da cuenta del proceso de consolidación de un pueblo, el cual esta lleno de avances y retrocesos, de encuentros y desencuentros La reflexión intenta destacar el marco de violencia en donde se instaura la vivencia, haciendo referencia al eje de análisis expuesto (identidad). REV/SCM 
650 0 |9 126  |a CULTURA 
650 0 |9 623  |a CULTURA POPULAR 
650 0 |9 2120  |a PSICOLOGIA SOCIAL 
650 0 |9 927  |a CALIDAD DE LA VIDA  
650 0 |9 5306  |a DESARROLLO HUMANO 
650 0 |9 921  |a ESTILOS DE VIDA 
650 0 |9 113  |a PARTICIPACION DE LA MUJER 
650 4 |9 1971  |a ROL DE LA MUJER 
651 0 |9 32  |a COSTA RICA 
773 0 |0 18811  |9 3314  |a Universidad de Costa Rica. Instituto de Investigaciones en Psicología  |d San José, C.R.: Editorial de la UCR  |o 07030  |t Actualidades en Psicología / 
942 |2 ddc  |c PP 
999 |c 44337  |d 44337